000 00601nam a2200229Ia 4500
003 OSt
005 20220918205553.0
006 a|||||r|||| 00| 0
007 ta
008 220917b |||||||| |||| 00| 0 eng d
024 _a117,099
037 _cTextual
040 _aARTS
_cARTS
_beng
041 _2eng
_aeng
082 _aV671:1:N6, K9-;1
100 _aVatikiotis P J
245 0 _aModern history of Egypt
260 _aLondon
_bWeidenfeld and Nicolson Uk
_c1969
650 _aHISTORY
942 _hV671:1:N6, K9-;1
_cTEXL
_2CC
999 _c240389
_d240389